Modern industrial organization / (Record no. 1559)

000 -LEADER
fixed length control field 01097cam a22003134a 4500
001 - CONTROL NUMBER
control field 13535077
003 - CONTROL NUMBER IDENTIFIER
control field OSt
005 - DATE AND TIME OF LATEST TRANSACTION
control field 20150319121044.0
008 - FIXED-LENGTH DATA ELEMENTS--GENERAL INFORMATION
fixed length control field 040324s2005 maua b 001 0 eng
010 ## - LIBRARY OF CONGRESS CONTROL NUMBER
LC control number 2004007014
020 ## - INTERNATIONAL STANDARD BOOK NUMBER
International Standard Book Number 0321180232
040 ## - CATALOGING SOURCE
Original cataloging agency DLC
Transcribing agency DLC
Modifying agency DLC
042 ## - AUTHENTICATION CODE
Authentication code pcc
050 00 - LIBRARY OF CONGRESS CALL NUMBER
Classification number HD2326.C376 2005
082 00 - DEWEY DECIMAL CLASSIFICATION NUMBER
Classification number 338.6
Edition number 22
100 1# - MAIN ENTRY--PERSONAL NAME
Personal name Carlton, Dennis W.
245 10 - TITLE STATEMENT
Title Modern industrial organization /
Statement of responsibility, etc Dennis W. Carlton, Jeffrey M. Perloff.
250 ## - EDITION STATEMENT
Edition statement 4th ed.
260 ## - PUBLICATION, DISTRIBUTION, ETC. (IMPRINT)
Place of publication, distribution, etc Boston :
Name of publisher, distributor, etc Pearson/Addison Wesley,
Date of publication, distribution, etc c2005.
300 ## - PHYSICAL DESCRIPTION
Extent xxiii, 822 p. :
Other physical details ill. ;
Dimensions 24 cm.
440 #4 - SERIES STATEMENT/ADDED ENTRY--TITLE
Title The Addison-Wesley series in economics
504 ## - BIBLIOGRAPHY, ETC. NOTE
Bibliography, etc Includes bibliographical references (p. 737-779) and index.
650 #0 - SUBJECT ADDED ENTRY--TOPICAL TERM
Topical term or geographic name as entry element Industrial organization (Economic theory)
700 1# - ADDED ENTRY--PERSONAL NAME
Personal name Perloff, Jeffrey M.
856 41 - ELECTRONIC LOCATION AND ACCESS
Materials specified Table of contents
Uniform Resource Identifier <a href="http://www.loc.gov/catdir/toc/ecip0416/2004007014.html">http://www.loc.gov/catdir/toc/ecip0416/2004007014.html</a>
906 ## - LOCAL DATA ELEMENT F, LDF (RLIN)
a 7
b cbc
c orignew
d 1
e ecip
f 20
g y-gencatlg
942 ## - ADDED ENTRY ELEMENTS (KOHA)
Source of classification or shelving scheme
Koha item type Book
Holdings
Withdrawn status Lost status Source of classification or shelving scheme Damaged status Not for loan Home library Current library Date acquired Total Checkouts Full call number Barcode Date last seen Copy number Price effective from Koha item type
          Riara University Library Riara University Library 19/03/2015   HD2326.C376 2005 5376/15 19/03/2015 C.1 19/03/2015 Book

Riara University Library,
P.O. Box 49940-00100,
Nairobi, Kenya.